Hesiodou Poiemata (Record no. 47413)

MARC details
000 -LEADER
campo de control de longitud fija 01383nam a2200301 i 4500
001 - NÚMERO DE CONTROL
campo de control 47413
003 - IDENTIFICADOR DE NÚMERO DE CONTROL
campo de control ES-MaACL
005 - FECHA Y HORA DE LA ÚLTIMA TRANSACCIÓN
campo de control 20250727004336.0
007 - CAMPO FIJO DE DESCRIPCIÓN FÍSICA--INFORMACIÓN GENERAL
campo de control de longitud fija t|
008 - DATOS DE LONGITUD FIJA--INFORMACIÓN GENERAL
campo de control de longitud fija 030423s1841 fr ||||1| lat d
100 1# - ENTRADA PRINCIPAL--NOMBRE DE PERSONA
Nombre de persona Hesíodo.
9 (RLIN) 63451
245 10 - MENCIÓN DEL TÍTULO
Título Hesiodou Poiemata
Resto del título : = Hesiodi Carmina /
Mención de responsabilidad, etc. graece et latine cum indicibus nominum et rerum edidit F. S. Lehrs; Asii, Pisandri, Panyasidis, Choerili, Antimachi fragmenta cun commentariis aliorum et suis adjecit Fridericus Dübner.
260 ## - PUBLICACIÓN, DISTRIBUCIÓN, ETC.
Lugar de publicación, distribución, etc. Parisiis :
Nombre del editor, distribuidor, etc. Ambrosio Firmin Didot,
Fecha de publicación, distribución, etc. 1841.
300 ## - DESCRIPCIÓN FÍSICA
Extensión XV, 88, 131, 11, 13, 184, 18 40, II, 55 p. ;
Dimensiones 26 cm.
500 ## - NOTA GENERAL
Nota general Texto paralelo en griego y latín a dos col.
505 8# - NOTA DE CONTENIDO CON FORMATO
Nota de contenido con formato Contiene además: Apollonii Argonautica (131p.)-- Musaei carmen de Herone et Leandro (11p.) -- Coluthi Raptus Helenae (13 p.) -- Quinti Posthomerica (184 p.)-- Tryphiodori Excidium ilii (18 p.)-- Tzetzae Antehomerica (40 p.) -Assi, Pisandri, Panyasisdis, Choerili et Antimachi (2, II, 55 p.)
700 1# - ENTRADA AGREGADA--NOMBRE PERSONAL
Nombre de persona Lehrs, F. S.
9 (RLIN) 71361
700 1# - ENTRADA AGREGADA--NOMBRE PERSONAL
Nombre de persona Dübner, Friedrich (
Fechas asociadas al nombre 1802-1867)
9 (RLIN) 149228
700 0# - ENTRADA AGREGADA--NOMBRE PERSONAL
Nombre de persona Apolonio de Rodas
9 (RLIN) 22100
700 1# - ENTRADA AGREGADA--NOMBRE PERSONAL
Nombre de persona Museo.
9 (RLIN) 84675
700 1# - ENTRADA AGREGADA--NOMBRE PERSONAL
Nombre de persona Coluto.
9 (RLIN) 39914
700 1# - ENTRADA AGREGADA--NOMBRE PERSONAL
Nombre de persona Quinto de Esmirna.
9 (RLIN) 94740
700 1# - ENTRADA AGREGADA--NOMBRE PERSONAL
Nombre de persona Trifiodoro.
9 (RLIN) 111403
700 1# - ENTRADA AGREGADA--NOMBRE PERSONAL
Nombre de persona Tzetzes, Joannes.
9 (RLIN) 111814
740 0# - ENTRADA AGREGADA--TÍTULO RELACIONADO/ANALÍTICO NO CONTROLADO
Título relacionado o analítico no controlado Hesiodi Carmina.
852 ## - LOCALIZACIÓN
Ubicación ES-MaACL
Número de control de estantería B-2459
Holdings
Estatus retirado Estado de pérdida Estado de daño No para préstamo Colección Biblioteca de origen Biblioteca actual Ubicación en estantería Fecha de adquisición Fuente de adquisición Total de préstamos Signatura topográfica completa Código de barras Visto por última vez Precio de reemplazo Tipo de ítem Koha
        Libros del s. XIX Biblioteca del Ateneo de Madrid Biblioteca del Ateneo de Madrid Sala Pardo Bazán 17/01/2008     B-2459 1049878 23/02/2023 23/02/2023 Libro impreso antiguo